000 00345nam a2200145Ia 4500
008 240624s9999 xx 000 0 und d
041 _aeng
082 _a153.46 CHA
100 _aCHATER NICK
245 _aJUDGEMENT AND DECISION MAKING
260 _c2009
_aLondon
_bSage
300 _axxxix, 348 p.; 23 cm.
365 _cBPS
_b38
440 _v2
999 _c30411
_d30411